| 000 | 01038nam a22002177a 4500 | ||
|---|---|---|---|
| 001 | 8677 | ||
| 003 | FISKH | ||
| 005 | 20260213132846.0 | ||
| 008 | 251009b cb ||||| |||| 00| 0 eng d | ||
| 020 | _a9781107636422 | ||
| 040 |
_aFISKH _beng _cFISKH _dFISKH |
||
| 082 | _a428.2 | ||
| 100 | _aBurt, Sally | ||
| 245 |
_aCambridge primary English activity book 5 / _cSally Burt and Debbie Ridgard |
||
| 260 |
_aNew York : _bCambridge, _c2015. |
||
| 300 |
_a136 pages : _bcolor illustrations ; _c28 cm |
||
| 520 | _aThis activity book complements the Learner’s Book in the Cambridge Primary English series (Stage 5). It offers a variety of exercises to reinforce reading, writing, listening, and grammar skills. The tasks are designed to consolidate language points introduced in the main book, provide extra spelling practice, and support comprehension through themes, texts, and interactive activities. | ||
| 650 |
_aGrammar & vocabulary exercises _vReading comprehension _xSpelling practice |
||
| 942 |
_2ddc _cBK _n0 |
||
| 999 |
_c8677 _d8677 |
||